Mĩ thuật 5

Spremljeno u:
Bibliografski detalji
Format: Knjiga
Jezik:Undetermined
Izdano: Hà Nội Giáo dục 2006
Teme:
Art
Oznake: Dodaj oznaku
Bez oznaka, Budi prvi tko označuje ovaj zapis!
Thư viện lưu trữ: Trung tâm Học liệu Trường Đại học Cần Thơ
LEADER 00501nam a2200193Ia 4500
001 CTU_106795
008 210402s9999 xx 000 0 und d
020 |c 6400 
082 |a 372.5 
082 |b M300/L5 
245 0 |a Mĩ thuật 5 
245 0 |c Nguyễn Quốc Toản ... [et al.] 
260 |a Hà Nội 
260 |b Giáo dục 
260 |c 2006 
650 |a Art 
650 |x study and teaching 
904 |i Tuyến 
980 |a Trung tâm Học liệu Trường Đại học Cần Thơ